8th international research conference The theoretical and practical aspects of public finance, organised by the University of Economics in Prague, Prague 12-13 April 2002

Na minha lista:
Detalhes bibliográficos
Autor principal: Kubicová, Jana, 1961-
Outros Autores: Sergi, Bruno S.
Formato: Capítulo de Livro
Idioma:inglês
Tags: Adicionar Tag
Sem tags, seja o primeiro a adicionar uma tag!

MARC

LEADER 00000naa$a2200000$$$4500
001 0094405
005 20240502083239.9
041 0 |a eng 
044 |a DE 
245 1 0 |a 8th international research conference The theoretical and practical aspects of public finance, organised by the University of Economics in Prague, Prague 12-13 April 2002  |c Jana Kubicová, Bruno S. Sergi 
100 1 |a Kubicová, Jana, 1961- 
700 1 |a Sergi, Bruno S.